000 00732nam a22002297a 4500
001 6428
003 FISKH
005 20250430093339.0
008 250430b cb ||||| |||| 00| 0 eng d
020 _a9780439791892
040 _aFISKH
_beng
_cFISKH
_dFISKH
050 _aPZ7
082 _a591.65
100 _aHerndon, Ryan
245 _aGuinness world records :
_bDangerous creature records /
260 _aNew York :
_bScholastic,
_c2005.
300 _a29 pages :
_bcolor illustrations ;
_c23 cm
520 _aReady to meet some scary animals? This book gives you a safe view of the top 10 most dangerous creature records of all time!
650 _aAnimals Ant Bees
_vNon-Fiction
942 _2ddc
_cBK
_n0
999 _c6428
_d6428